00404nam a2200169Ia 4500008004100000020001800041050001400059100001600073245002900089245001500118260001500133260001700148260000900165300001400174300002500188440002100213180207s9999 xx 000 0 und d a9780717285907 bB534 2005 aBerry, Joy. 2aA book about gossiping / cJoy Berry. aNew York : bScholastic,  c2005 aunpaged : bcolor illustration ; aHelp me be good!